| 000 | 00481nam a2200181Ia 4500 | ||
|---|---|---|---|
| 003 | GCL | ||
| 008 | 140319s9999 xx 000 0 eng d | ||
| 040 |
_aGCL / _cGCL |
||
| 082 | 0 | 4 |
_a741.6 _bD P |
| 100 | 1 | _aDARBYSHIRE, LYDIA | |
| 245 | 1 | 0 |
_aPRACTICAL GRAPHIC DESIGN TECHNIQUES / _cDARBYSHIRE, LYDIA |
| 260 |
_a[S.N] : _bTIGER BOOKS INTERNATIONAL ، _c1991 |
||
| 300 | _a144 | ||
| 650 | 0 | 4 | _aTECHNIQUE |
| 650 | 0 | 4 | _aGRAPHIC - DESIGN |
| 650 | 0 | 4 | _aGRAPHIC ARTS |
| 942 |
_2ddc _cBK |
||
| 999 |
_c24140 _d24140 |
||